School bus drivers, (Record no. 22037)

MARC details
000 -LEADER
fixed length control field 00828cam a22002411 4500
001 - CONTROL NUMBER
control field e 46000026
003 - CONTROL NUMBER IDENTIFIER
control field DLC
005 - DATE AND TIME OF LATEST TRANSACTION
control field 20260227111233.0
008 - FIXED-LENGTH DATA ELEMENTS--GENERAL INFORMATION
fixed length control field 880804s1946 dcua 000 0 eng
010 ## - LIBRARY OF CONGRESS CONTROL NUMBER
LC control number e 46000026
035 ## - SYSTEM CONTROL NUMBER
System control number (OCoLC)18309810
040 ## - CATALOGING SOURCE
Original cataloging agency DLC
Transcribing agency AU
Modifying agency OCoLC
-- DLC
042 ## - AUTHENTICATION CODE
Authentication code premarc
050 00 - LIBRARY OF CONGRESS CALL NUMBER
Classification number L111
Item number .A75 no. 100
051 ## - LIBRARY OF CONGRESS COPY, ISSUE, OFFPRINT STATEMENT
Classification number LB2864
Item number .F4
100 1# - MAIN ENTRY--PERSONAL NAME
Personal name Featherston, E. Glenn,
Dates associated with a name 1900-
245 10 - TITLE STATEMENT
Title School bus drivers,
Remainder of title current practices in selection and training.
260 ## - PUBLICATION, DISTRIBUTION, ETC.
Place of publication, distribution, etc. [Washington]
Name of publisher, distributor, etc. Federal security agency, U.S. Office of education
Date of publication, distribution, etc. [1946]
300 ## - PHYSICAL DESCRIPTION
Extent iii, 38 p.
Other physical details incl. tables.
Dimensions 23 cm.
490 0# - SERIES STATEMENT
Series statement U.S. Office of education. Pamphlet ;
Volume/sequential designation no. 100
500 ## - GENERAL NOTE
General note "By E. Glenn Featherston, specialist for pupil transportation." -- p. 1.
650 #0 - SUBJECT ADDED ENTRY--TOPICAL TERM
Topical term or geographic name entry element School children
General subdivision Transportation.

No items available.

Powered by Koha